00683nam a22001817a 4500003000400000008004100004020001800045082001700063100002400080245008600104250001300190260003400203300001600237650004900253942001200302999001700314952017000331OSt260626b |||||||| |||| 00| 0 eng d a9789360536923 a001.42bJ14R aJackson, Sherri L.  aResearch Methods and Statistics: A Critical Thinking Approach / Sherri L. Jackson a5th. ed. aAustralia: bCengage, c2016. axx, 508 p. a Knowledge | Generalities | Research Methods 2ddccBK c52360d52360 00102ddc4070aRAUbRAUcGENd2026-06-26eToday & Tomorrow Printers and Publishers g1065.00l0o001.42 J14Rp87592r2026-06-26w2026-01-29yBKkBill No. IN-00449